000
00294 a2200145 4500
001
168475
020
_a
040
_c
Magnum
100
_a
Bruner, Jerome
240
1
0
_a
Atos de significacao
_l
por
245
1
0
_a
Atos de significacao
362
0
_a
1899
697
_a
PSICOLOGIA
942
_c
BK
999
_c
168475
_d
168475